Представление документа в формате MARC21

Поле Инд. ПП Название Значение
Тип записи a
Библиографический уровень m
001 Контрольный номер 3e45372c-8225-4b7d-b70b-465baa5788aa
005 Дата корректировки 20140703124638.4
008 Кодируемые данные 040406
020 c Цена, тираж б/ц
040 a Служба первич. каталог. НБ ТвГУ
041 a Код языка текста rus
080 a Индекс УДК 82.09-1(043.3)
084 a Индекс другой классификации/Индекс ББК Ш401.181.1я031
090 x Авторский знак С79
a Полочн. индекс Ш401.1
100 1_ a Автор Степанов Александр Геннадьевич
245 10 a Заглавие Семантика стихотворной формы
b Продолж. заглавия Фигурная графика, строфика, enjambement : Автореф. дис. ... канд. филол. наук : 10.01.08
c Ответственность Твер. гос. ун-т. Каф. теории литературы
260 0_ a Место издания Тверь
b Издательство Тверской государственный университет
c Дата издания 2004
300 a Объем 22 с.
500 a Примечание На правах рукоп.
504 a Библиография Библиогр.: с.20-22.
583 a Действие Получение впервые 141 30.03.2004
650 a Основная рубрика Литературоведение
650 a Основная рубрика Стихосложение
x Основная подрубрика Фигурная графика
650 a Основная рубрика Литература
653 a Ключевые слова Литературоведение
a Ключевые слова Теория литературы
a Ключевые слова Стихосложение
a Ключевые слова Теория стиха
a Ключевые слова Фигурная стихотворная графика
a Ключевые слова Строфика
a Ключевые слова Фигурные стихи
a Ключевые слова Ритмика
a Ключевые слова Семантика
a Ключевые слова Авторефераты
a Ключевые слова Труды Тверского государственного университета
710 a Организация/ юрисдикция Тверской государственный университет
852 t Порядковый номер экземпляра 2
p Инвентарный номер б/н
888 a Бесплатные
930 a Новая/Ретро авторефераты
952 p 141.2004 б/ц 2 б/н
c Вид литературы А/Р н
954 a Дата поступления на обработку 20040416
999 a Подразделение 2 ч.з.